000 00264nam a22000977a 4500
082 _a100/MIS
100 _aMishra,vinay
_983955
245 _aEveryday psychology a guide to your personal well-being
260 _aNew delhi
_bManjul publishing house
_c2018
942 _cBK
999 _c68970
_d68970